000 00347nam a2200157 a 4500
003 DLC
005 20210219152738.0
022 _a0009-3947
035 _aUPN01000059732
245 0 0 _aCHILD EDUCATION
260 _aEUA :
_bScholastic Education Ltd.,
_c1924
310 _aMensual
653 0 _aNIÑOS
905 _aRevista
999 _c59646
_d59646